[Event "DEM U10w 2025"]
[Site "Willingen GER"]
[Date "2025.06.12"]
[Round "7"]
[White "He, Siqi"]
[Black "Müller, Greta Waltraud"]
[Result "1/2-1/2"]
[Termination "normal"]
[Board "11"]
[WhiteElo "952"]
[BlackElo "1362"]
[WhiteClock "01:00:46"]
[BlackClock "00:28:31"]
[PlyCount "154"]
[WhiteFideId "34682708"]
[BlackFideId "533043590"]
[EventCountry "GER"]
[EventRounds "9"]
[EventType "swiss"]
[EventDate "2025.06.07"]

1. e4 {[%clk 01:30:56]} {[%emt 00:00:03]} e5 {[%clk 01:30:46]} {[%emt
00:00:14]} 2. Nf3 {[%clk 01:31:13]} {[%emt 00:00:14]} Nc6 {[%clk 01:30:59]}
{[%emt 00:00:17]} 3. Bc4 {[%clk 01:30:48]} {[%emt 00:00:53]} Be7 {[%clk
01:31:19]} {[%emt 00:00:11]} 4. Nc3 {[%clk 01:31:02]} {[%emt 00:00:16]} Nf6
{[%clk 01:31:18]} {[%emt 00:00:31]} 5. O-O {[%clk 01:31:18]} {[%emt 00:00:13]}
O-O {[%clk 01:31:34]} {[%emt 00:00:14]} 6. Nd5 {[%clk 01:31:15]} {[%emt
00:00:33]} d6 {[%clk 01:31:00]} {[%emt 00:01:04]} 7. h3 {[%clk 01:31:19]}
{[%emt 00:00:26]} h6 {[%clk 01:30:38]} {[%emt 00:00:52]} 8. d3 {[%clk
01:31:39]} {[%emt 00:00:08]} Re8 {[%clk 01:30:29]} {[%emt 00:00:40]} 9. c3
{[%clk 01:31:49]} {[%emt 00:00:21]} Be6 {[%clk 01:29:11]} {[%emt 00:01:48]} 10.
Re1 {[%clk 01:29:32]} {[%emt 00:02:46]} Na5 {[%clk 01:26:09]} {[%emt 00:03:32]}
11. Nxf6+ {[%clk 01:28:43]} {[%emt 00:01:20]} Bxf6 {[%clk 01:26:16]} {[%emt
00:00:23]} 12. Bxe6 {[%clk 01:28:23]} {[%emt 00:00:49]} Rxe6 {[%clk 01:25:22]}
{[%emt 00:01:24]} 13. d4 {[%clk 01:26:59]} {[%emt 00:01:54]} Re8 {[%clk
01:22:46]} {[%emt 00:03:06]} 14. Nh2 {[%clk 01:24:28]} {[%emt 00:03:01]} b6
{[%clk 01:17:52]} {[%emt 00:05:24]} 15. Qg4 {[%clk 01:20:35]} {[%emt 00:04:22]}
Qc8 {[%clk 01:17:21]} {[%emt 00:01:00]} 16. Qg3 {[%clk 01:17:05]} {[%emt
00:04:01]} Kh8 {[%clk 01:15:24]} {[%emt 00:02:12]} 17. b4 {[%clk 01:12:40]}
{[%emt 00:05:11]} Nb7 {[%clk 01:14:43]} {[%emt 00:01:11]} 18. Qd3 {[%clk
01:12:33]} {[%emt 00:00:35]} exd4 {[%clk 01:14:26]} {[%emt 00:00:47]} 19. cxd4
{[%clk 01:12:48]} {[%emt 00:00:16]} c5 {[%clk 01:14:36]} {[%emt 00:00:19]} 20.
Bb2 {[%clk 01:11:59]} {[%emt 00:01:19]} cxb4 {[%clk 01:14:18]} {[%emt
00:00:48]} 21. Qb3 {[%clk 01:12:17]} {[%emt 00:00:12]} a5 {[%clk 01:13:34]}
{[%emt 00:01:14]} 22. Qxf7 {[%clk 01:12:28]} {[%emt 00:00:19]} Rf8 {[%clk
01:10:07]} {[%emt 00:03:56]} 23. Qh5 {[%clk 01:11:00]} {[%emt 00:01:54]} Qc2
{[%clk 01:08:00]} {[%emt 00:02:39]} 24. Re2 {[%clk 01:10:31]} {[%emt 00:01:01]}
Qa4 {[%clk 01:04:06]} {[%emt 00:04:03]} 25. Qd5 {[%clk 01:09:55]} {[%emt
00:01:26]} Qd7 {[%clk 01:01:32]} {[%emt 00:03:03]} 26. e5 {[%clk 01:09:56]}
{[%emt 00:00:31]} Be7 {[%clk 01:00:30]} {[%emt 00:01:31]} 27. e6 {[%clk
01:09:58]} {[%emt 00:00:29]} Qc7 {[%clk 01:00:23]} {[%emt 00:00:31]} 28. Rc1
{[%clk 01:10:06]} {[%emt 00:00:29]} Qb8 {[%clk 01:00:16]} {[%emt 00:00:37]} 29.
a3 {[%clk 01:09:40]} {[%emt 00:00:56]} Nd8 {[%clk 00:51:01]} {[%emt 00:09:44]}
30. Ra1 {[%clk 01:09:09]} {[%emt 00:01:02]} Nb7 {[%clk 00:49:09]} {[%emt
00:02:23]} 31. Qc4 {[%clk 01:07:42]} {[%emt 00:01:48]} Rc8 {[%clk 00:48:53]}
{[%emt 00:00:54]} 32. Qb3 {[%clk 01:07:55]} {[%emt 00:00:18]} bxa3 {[%clk
00:46:48]} {[%emt 00:02:34]} 33. Rxa3 {[%clk 01:07:11]} {[%emt 00:01:14]} d5
{[%clk 00:43:04]} {[%emt 00:04:14]} 34. Ra1 {[%clk 01:06:12]} {[%emt 00:01:30]}
Qd6 {[%clk 00:37:27]} {[%emt 00:06:06]} 35. Ba3 {[%clk 01:05:29]} {[%emt
00:01:10]} Qd8 {[%clk 00:37:23]} {[%emt 00:00:37]} 36. Bxe7 {[%clk 01:05:41]}
{[%emt 00:00:18]} Qxe7 {[%clk 00:37:44]} {[%emt 00:00:08]} 37. Qxd5 {[%clk
01:06:04]} {[%emt 00:00:07]} Ra7 {[%clk 00:34:14]} {[%emt 00:04:00]} 38. Rb1
{[%clk 01:02:41]} {[%emt 00:03:50]} Ra6 {[%clk 00:32:57]} {[%emt 00:01:48]} 39.
Qe5 {[%clk 01:02:06]} {[%emt 00:01:07]} a4 {[%clk 00:32:48]} {[%emt 00:00:39]}
40. Ra1 {[%clk 01:02:21]} {[%emt 00:00:11]} Qd6 {[%clk 00:31:17]} {[%emt
00:02:00]} 41. Qb5 {[%clk 01:00:17]} {[%emt 00:02:40]} Ra5 {[%clk 00:28:59]}
{[%emt 00:02:47]} 42. Qd7 {[%clk 00:57:51]} {[%emt 00:02:54]} Qxd7 {[%clk
00:29:24]} {[%emt 00:00:09]} 43. exd7 {[%clk 00:58:09]} {[%emt 00:00:12]} Rg8
{[%clk 00:29:40]} {[%emt 00:00:08]} 44. Re8 {[%clk 00:58:26]} {[%emt 00:00:17]}
Ra8 {[%clk 00:28:39]} {[%emt 00:01:33]} 45. Rxg8+ {[%clk 00:58:48]} {[%emt
00:00:09]} Kxg8 {[%clk 00:29:00]} {[%emt 00:00:09]} 46. Ng4 {[%clk 00:59:08]}
{[%emt 00:00:10]} Nd8 {[%clk 00:28:31]} {[%emt 00:00:58]} 47. Ne5 {[%clk
00:56:24]} {[%emt 00:03:13]} b5 {[%clk 00:28:37]} {[%emt 00:00:26]} 48. d5
{[%clk 00:56:39]} {[%emt 00:00:14]} b4 {[%clk 00:27:56]} {[%emt 00:01:11]} 49.
Nc6 {[%clk 00:56:59]} {[%emt 00:00:10]} b3 {[%clk 00:27:56]} {[%emt 00:00:30]}
50. Nxd8 {[%clk 00:57:24]} {[%emt 00:00:06]} Rxd8 {[%clk 00:28:25]} {[%emt
00:00:01]} 51. Rxa4 {[%clk 00:57:44]} {[%emt 00:00:10]} Rxd7 {[%clk 00:28:36]}
{[%emt 00:00:19]} 52. Rb4 {[%clk 00:57:49]} {[%emt 00:00:24]} Rxd5 {[%clk
00:29:00]} {[%emt 00:00:07]} 53. Rxb3 {[%clk 00:58:13]} {[%emt 00:00:06]} Kh7
{[%clk 00:29:18]} {[%emt 00:00:11]} 54. g4 {[%clk 00:58:23]} {[%emt 00:00:18]}
Kg6 {[%clk 00:29:35]} {[%emt 00:00:13]} 55. Kg2 {[%clk 00:58:39]} {[%emt
00:00:16]} Kg5 {[%clk 00:28:51]} {[%emt 00:01:13]} 56. Kg3 {[%clk 00:58:53]}
{[%emt 00:00:10]} Kg6 {[%clk 00:28:38]} {[%emt 00:00:50]} 57. Rb6+ {[%clk
00:58:15]} {[%emt 00:01:09]} Kh7 {[%clk 00:26:28]} {[%emt 00:02:38]} 58. Rb7
{[%clk 00:57:57]} {[%emt 00:00:49]} Kg6 {[%clk 00:26:46]} {[%emt 00:00:13]} 59.
f4 {[%clk 00:58:06]} {[%emt 00:00:21]} Kf6 {[%clk 00:26:23]} {[%emt 00:00:52]}
60. Rb6+ {[%clk 00:57:59]} {[%emt 00:00:37]} Kf7 {[%clk 00:26:18]} {[%emt
00:00:31]} 61. Rb1 {[%clk 00:57:02]} {[%emt 00:01:25]} g5 {[%clk 00:25:54]}
{[%emt 00:00:58]} 62. fxg5 {[%clk 00:57:23]} {[%emt 00:00:11]} Rxg5 {[%clk
00:25:40]} {[%emt 00:00:43]} 63. h4 {[%clk 00:57:32]} {[%emt 00:00:22]} Rg7
{[%clk 00:25:35]} {[%emt 00:00:21]} 64. Rb7+ {[%clk 00:57:46]} {[%emt
00:00:30]} Kg8 {[%clk 00:25:57]} {[%emt 00:00:06]} 65. Rxg7+ {[%clk 00:58:12]}
{[%emt 00:00:06]} Kxg7 {[%clk 00:26:22]} {[%emt 00:00:05]} 66. Kf4 {[%clk
00:58:37]} {[%emt 00:00:05]} Kf6 {[%clk 00:26:37]} {[%emt 00:00:11]} 67. h5
{[%clk 00:58:49]} {[%emt 00:00:18]} Kg7 {[%clk 00:26:58]} {[%emt 00:00:12]} 68.
Kf5 {[%clk 00:59:12]} {[%emt 00:00:07]} Kf7 {[%clk 00:27:15]} {[%emt 00:00:11]}
69. g5 {[%clk 00:59:08]} {[%emt 00:00:35]} hxg5 {[%clk 00:27:38]} {[%emt
00:00:08]} 70. Kxg5 {[%clk 00:59:31]} {[%emt 00:00:07]} Kg7 {[%clk 00:28:03]}
{[%emt 00:00:05]} 71. h6+ {[%clk 00:59:59]} {[%emt 00:00:02]} Kh7 {[%clk
00:28:04]} {[%emt 00:00:29]} 72. Kh5 {[%clk 01:00:22]} {[%emt 00:00:07]} Kh8
{[%emt 00:01:35]} 73. Kg5 {[%clk 01:00:08]} {[%emt 00:00:33]} Kh7 {[%clk
00:27:24]} {[%emt 00:00:10]} 74. Kh5 {[%clk 01:00:34]} {[%emt 00:00:10]} Kh8
{[%clk 00:27:26]} {[%emt 00:00:26]} 75. Kg6 {[%clk 01:00:52]} {[%emt 00:00:12]}
Kg8 {[%clk 00:27:49]} {[%emt 00:00:08]} 76. h7+ {[%clk 01:00:46]} {[%emt
00:00:36]} Kh8 {[%clk 00:28:08]} {[%emt 00:00:11]} 77. Kf7 Kxh7 {[%clk
00:28:31]} 1/2-1/2

[Event "DEM U10w 2025"]
[Site "Willingen GER"]
[Date "2025.06.12"]
[Round "7"]
[White "Schaper, Alicia"]
[Black "Dimkova, Anna"]
[Result "1-0"]
[Termination "normal"]
[Board "12"]
[WhiteElo "1473"]
[BlackElo "1037"]
[WhiteClock "00:57:46"]
[BlackClock "00:52:25"]
[PlyCount "87"]
[WhiteFideId "533012091"]
[BlackFideId "533043531"]
[EventCountry "GER"]
[EventRounds "9"]
[EventType "swiss"]
[EventDate "2025.06.07"]

1. e4 {[%clk 01:30:59]} {[%emt 19:04:07]} e5 {[%clk 01:30:51]} {[%emt
00:00:09]} 2. Nf3 {[%clk 01:31:22]} {[%emt 00:00:06]} Nc6 {[%clk 01:31:14]}
{[%emt 00:00:07]} 3. Bb5 {[%clk 01:31:46]} {[%emt 00:00:06]} a6 {[%clk
01:31:37]} {[%emt 00:00:07]} 4. Ba4 {[%clk 01:32:08]} {[%emt 00:00:07]} Nf6
{[%clk 01:31:51]} {[%emt 00:00:16]} 5. O-O {[%clk 01:31:58]} {[%emt 00:00:41]}
Be7 {[%clk 01:31:05]} {[%emt 00:01:16]} 6. Re1 {[%clk 01:31:51]} {[%emt
00:00:37]} b5 {[%clk 01:30:43]} {[%emt 00:00:53]} 7. Bb3 {[%clk 01:31:49]}
{[%emt 00:00:31]} O-O {[%clk 01:30:37]} {[%emt 00:00:37]} 8. c3 {[%clk
01:31:54]} {[%emt 00:00:25]} d5 {[%clk 01:26:57]} {[%emt 00:04:10]} 9. exd5
{[%clk 01:31:14]} {[%emt 00:01:10]} Nxd5 {[%clk 01:26:38]} {[%emt 00:00:46]}
10. Nxe5 {[%clk 01:30:53]} {[%emt 00:00:54]} Nxe5 {[%clk 01:22:10]} {[%emt
00:04:57]} 11. Rxe5 {[%clk 01:30:44]} {[%emt 00:00:40]} Bb7 {[%clk 01:19:21]}
{[%emt 00:03:19]} 12. d4 {[%clk 01:25:16]} {[%emt 00:05:58]} Bf6 {[%clk
01:17:04]} {[%emt 00:02:46]} 13. Re1 {[%clk 01:23:33]} {[%emt 00:02:14]} Bg5
{[%clk 01:13:17]} {[%emt 00:04:16]} 14. Bxg5 {[%clk 01:19:17]} {[%emt
00:04:45]} Qxg5 {[%clk 01:13:29]} {[%emt 00:00:17]} 15. Re5 {[%clk 01:17:51]}
{[%emt 00:01:57]} Qd8 {[%clk 01:02:56]} {[%emt 00:11:03]} 16. Bxd5 {[%clk
01:15:53]} {[%emt 00:02:28]} Bxd5 {[%clk 01:03:09]} {[%emt 00:00:15]} 17. Nd2
{[%clk 01:15:57]} {[%emt 00:00:28]} Re8 {[%clk 00:59:06]} {[%emt 00:04:33]} 18.
Rxe8+ {[%clk 01:10:46]} {[%emt 00:05:41]} Qxe8 {[%clk 00:59:17]} {[%emt
00:00:18]} 19. Qe1 {[%clk 01:07:06]} {[%emt 00:04:12]} Qe6 {[%clk 00:58:37]}
{[%emt 00:01:10]} 20. Qxe6 {[%clk 01:06:40]} {[%emt 00:00:56]} Bxe6 {[%clk
00:58:13]} {[%emt 00:00:53]} 21. b3 {[%clk 01:05:03]} {[%emt 00:02:09]} Re8
{[%clk 00:53:27]} {[%emt 00:01:52]} 22. Re1 {[%clk 01:04:19]} {[%emt 00:04:37]}
g6 {[%clk 00:53:02]} {[%emt 00:00:54]} 23. d5 {[%clk 01:00:24]} {[%emt
00:04:26]} Bd7 {[%clk 00:53:18]} {[%emt 00:00:15]} 24. Rxe8+ {[%clk 01:00:32]}
{[%emt 00:00:21]} Bxe8 {[%clk 00:53:39]} {[%emt 00:00:08]} 25. Ne4 {[%clk
00:59:18]} {[%emt 00:01:45]} Kg7 {[%clk 00:53:35]} {[%emt 00:00:33]} 26. f4
{[%clk 00:58:15]} {[%emt 00:01:33]} f5 {[%clk 00:53:45]} {[%emt 00:00:21]} 27.
Nc5 {[%clk 00:57:42]} {[%emt 00:01:03]} a5 {[%clk 00:52:26]} {[%emt 00:01:49]}
28. Ne6+ {[%clk 00:57:15]} {[%emt 00:00:57]} Kf7 {[%clk 00:51:44]} {[%emt
00:01:12]} 29. Nxc7 {[%clk 00:57:05]} {[%emt 00:00:40]} Ke7 {[%clk 00:51:57]}
{[%emt 00:00:17]} 30. Nxe8 {[%clk 00:57:05]} {[%emt 00:00:30]} Kxe8 {[%clk
00:52:14]} {[%emt 00:00:13]} 31. Kf2 {[%clk 00:57:13]} {[%emt 00:00:23]} Kd7
{[%clk 00:52:33]} {[%emt 00:00:11]} 32. Ke3 {[%clk 00:57:14]} {[%emt 00:00:28]}
Kd6 {[%clk 00:52:32]} {[%emt 00:00:31]} 33. Kd4 {[%clk 00:57:27]} {[%emt
00:00:16]} h6 {[%clk 00:51:57]} {[%emt 00:01:05]} 34. c4 {[%clk 00:57:17]}
{[%emt 00:00:41]} bxc4 {[%clk 00:52:16]} {[%emt 00:00:09]} 35. bxc4 {[%clk
00:57:38]} {[%emt 00:00:10]} a4 {[%clk 00:52:12]} {[%emt 00:00:34]} 36. c5+
{[%clk 00:57:42]} {[%emt 00:00:26]} Kd7 {[%clk 00:52:36]} {[%emt 00:00:07]} 37.
Ke5 {[%clk 00:57:19]} {[%emt 00:00:52]} Ke7 {[%clk 00:52:17]} {[%emt 00:00:50]}
38. d6+ {[%clk 00:57:18]} {[%emt 00:00:31]} Kd7 {[%clk 00:52:39]} {[%emt
00:00:08]} 39. Kd5 {[%clk 00:57:07]} {[%emt 00:00:40]} a3 {[%clk 00:52:42]}
{[%emt 00:00:27]} 40. c6+ {[%clk 00:57:09]} {[%emt 00:00:28]} Kd8 {[%clk
00:53:04]} {[%emt 00:00:08]} 41. Ke6 {[%clk 00:56:57]} {[%emt 00:00:41]} Ke8
{[%clk 00:52:06]} {[%emt 00:01:29]} 42. d7+ {[%clk 00:57:07]} {[%emt 00:00:20]}
Kd8 {[%clk 00:52:30]} {[%emt 00:00:07]} 43. Kd6 {[%clk 00:57:22]} {[%emt
00:00:15]} h5 {[%clk 00:52:25]} {[%emt 00:00:34]} 44. c7# {[%clk 00:57:46]}
{[%emt 00:00:07]} 1-0

[Event "DEM U10w 2025"]
[Site "Willingen GER"]
[Date "2025.06.12"]
[Round "7"]
[White "Mudriievskaya, Esther"]
[Black "Classen, Meara"]
[Result "0-1"]
[Termination "normal"]
[Board "13"]
[WhiteElo "1505"]
[BlackElo "1459"]
[WhiteClock "00:13:34"]
[BlackClock "00:11:37"]
[PlyCount "132"]
[WhiteFideId "34676465"]
[BlackFideId "34626956"]
[EventCountry "GER"]
[EventRounds "9"]
[EventType "swiss"]
[EventDate "2025.06.07"]

1. e4 {[%clk 01:30:44]} {[%emt 00:00:16]} c5 {[%clk 01:30:50]} {[%emt
00:00:10]} 2. Nc3 {[%clk 01:30:45]} {[%emt 00:00:28]} d6 {[%clk 01:31:05]}
{[%emt 00:00:15]} 3. f4 {[%clk 01:30:59]} {[%emt 00:00:16]} g6 {[%clk
01:31:12]} {[%emt 00:00:24]} 4. Bc4 {[%clk 01:30:39]} {[%emt 00:00:49]} Bg7
{[%clk 01:31:06]} {[%emt 00:00:36]} 5. Nf3 {[%clk 01:29:48]} {[%emt 00:01:22]}
Nc6 {[%clk 01:30:15]} {[%emt 00:01:21]} 6. d3 {[%clk 01:28:32]} {[%emt
00:01:43]} e6 {[%clk 01:29:40]} {[%emt 00:01:08]} 7. O-O {[%clk 01:27:41]}
{[%emt 00:01:21]} Nge7 {[%clk 01:28:44]} {[%emt 00:01:27]} 8. Qe1 {[%clk
01:24:49]} {[%emt 00:03:20]} O-O {[%clk 01:25:13]} {[%emt 00:04:02]} 9. f5
{[%clk 01:23:00]} {[%emt 00:02:19]} exf5 {[%clk 01:19:10]} {[%emt 00:06:33]}
10. Qh4 {[%clk 01:21:36]} {[%emt 00:01:54]} Be6 {[%clk 01:16:48]} {[%emt
00:02:52]} 11. Ng5 {[%clk 01:19:28]} {[%emt 00:02:38]} h6 {[%clk 01:14:34]}
{[%emt 00:02:44]} 12. Nxe6 {[%clk 01:18:47]} {[%emt 00:01:10]} fxe6 {[%clk
01:10:59]} {[%emt 00:04:07]} 13. Bxe6+ {[%clk 01:18:03]} {[%emt 00:01:13]} Kh7
{[%clk 01:08:41]} {[%emt 00:02:48]} 14. exf5 {[%clk 01:14:45]} {[%emt
00:03:47]} Nxf5 {[%clk 01:05:37]} {[%emt 00:03:35]} 15. Qg4 {[%clk 01:11:01]}
{[%emt 00:04:13]} Ncd4 {[%clk 01:01:58]} {[%emt 00:04:11]} 16. Bxf5 {[%clk
01:05:48]} {[%emt 00:05:43]} Rxf5 {[%clk 00:59:03]} {[%emt 00:03:25]} 17. Rxf5
{[%clk 01:01:25]} {[%emt 00:04:52]} Nxf5 {[%clk 00:59:17]} {[%emt 00:00:17]}
18. Bf4 {[%clk 00:59:27]} {[%emt 00:02:28]} Qh4 {[%clk 00:51:15]} {[%emt
00:08:30]} 19. Qxh4 {[%clk 00:58:44]} {[%emt 00:01:14]} Nxh4 {[%clk 00:51:27]}
{[%emt 00:00:19]} 20. Bxd6 {[%clk 00:58:13]} {[%emt 00:01:00]} Rc8 {[%clk
00:51:09]} {[%emt 00:00:48]} 21. Re1 {[%clk 00:55:23]} {[%emt 00:03:13]} c4
{[%clk 00:47:47]} {[%emt 00:03:59]} 22. dxc4 {[%clk 00:53:02]} {[%emt
00:02:51]} Rxc4 {[%clk 00:46:24]} {[%emt 00:01:53]} 23. Re7 {[%clk 00:51:49]}
{[%emt 00:01:42]} Nf5 {[%clk 00:44:41]} {[%emt 00:02:14]} 24. Rd7 {[%clk
00:47:13]} {[%emt 00:05:06]} Nxd6 {[%clk 00:42:26]} {[%emt 00:02:45]} 25. Rxd6
{[%clk 00:46:48]} {[%emt 00:00:54]} Rc7 {[%clk 00:39:18]} {[%emt 00:03:36]} 26.
Kf2 {[%clk 00:44:13]} {[%emt 00:03:07]} a6 {[%clk 00:38:53]} {[%emt 00:00:56]}
27. Rd3 {[%clk 00:39:37]} {[%emt 00:05:06]} b5 {[%clk 00:37:25]} {[%emt
00:01:57]} 28. Rd2 {[%clk 00:31:22]} {[%emt 00:08:45]} Bxc3 {[%clk 00:36:08]}
{[%emt 00:01:48]} 29. bxc3 {[%clk 00:29:22]} {[%emt 00:02:30]} Rxc3 {[%clk
00:35:33]} {[%emt 00:01:05]} 30. Ke1 {[%clk 00:28:13]} {[%emt 00:01:39]} Ra3
{[%clk 00:34:35]} {[%emt 00:01:29]} 31. Rd7+ {[%clk 00:26:32]} {[%emt
00:02:11]} Kg8 {[%clk 00:34:41]} {[%emt 00:00:24]} 32. Rd6 {[%clk 00:26:08]}
{[%emt 00:00:55]} Kf7 {[%clk 00:32:36]} {[%emt 00:02:31]} 33. Rd7+ {[%clk
00:25:25]} {[%emt 00:01:16]} Ke6 {[%clk 00:32:25]} {[%emt 00:00:37]} 34. Rh7
{[%clk 00:23:39]} {[%emt 00:02:18]} h5 {[%clk 00:31:39]} {[%emt 00:01:18]} 35.
Rg7 {[%clk 00:23:14]} {[%emt 00:00:55]} Kf6 {[%clk 00:31:43]} {[%emt 00:00:25]}
36. Rd7 {[%clk 00:23:00]} {[%emt 00:00:46]} Rxa2 {[%clk 00:31:28]} {[%emt
00:00:45]} 37. Rd6+ {[%clk 00:21:45]} {[%emt 00:01:43]} Kg7 {[%clk 00:29:35]}
{[%emt 00:02:26]} 38. Kd2 {[%clk 00:21:00]} {[%emt 00:01:14]} b4 {[%clk
00:27:49]} {[%emt 00:02:16]} 39. Rb6 {[%clk 00:18:35]} {[%emt 00:02:55]} a5
{[%clk 00:26:56]} {[%emt 00:01:24]} 40. Rb5 {[%clk 00:17:54]} {[%emt 00:01:10]}
Kf6 {[%clk 00:25:52]} {[%emt 00:01:33]} 41. Kc1 {[%clk 00:16:24]} {[%emt
00:01:59]} Ke7 {[%clk 00:21:47]} {[%emt 00:04:36]} 42. Kb1 {[%clk 00:15:35]}
{[%emt 00:01:20]} Ra3 {[%clk 00:21:38]} {[%emt 00:00:38]} 43. Rg5 {[%clk
00:15:02]} {[%emt 00:01:04]} Kf6 {[%clk 00:20:02]} {[%emt 00:02:06]} 44. h4
{[%clk 00:14:22]} {[%emt 00:01:08]} a4 {[%clk 00:16:07]} {[%emt 00:04:27]} 45.
g4 {[%clk 00:12:23]} {[%emt 00:02:28]} Rg3 {[%clk 00:11:01]} {[%emt 00:05:37]}
46. gxh5 {[%clk 00:11:35]} {[%emt 00:01:17]} Rxg5 {[%clk 00:10:19]} {[%emt
00:01:13]} 47. hxg5+ {[%clk 00:11:53]} {[%emt 00:00:11]} Kxg5 {[%clk 00:10:36]}
{[%emt 00:00:13]} 48. hxg6 {[%clk 00:12:15]} {[%emt 00:00:08]} Kxg6 {[%clk
00:10:58]} {[%emt 00:00:10]} 49. Kb2 {[%clk 00:12:12]} {[%emt 00:00:33]} Kf5
{[%clk 00:08:34]} {[%emt 00:02:53]} 50. c3 {[%clk 00:11:40]} {[%emt 00:01:03]}
b3 {[%clk 00:08:23]} {[%emt 00:00:42]} 51. c4 {[%clk 00:11:11]} {[%emt
00:00:59]} Ke5 {[%clk 00:08:29]} {[%emt 00:00:23]} 52. c5 {[%clk 00:11:28]}
{[%emt 00:00:13]} Kd5 {[%clk 00:08:49]} {[%emt 00:00:09]} 53. c6 {[%clk
00:11:52]} {[%emt 00:00:06]} Kxc6 {[%clk 00:09:14]} {[%emt 00:00:05]} 54. Kb1
{[%clk 00:11:27]} {[%emt 00:00:55]} Kc5 {[%clk 00:09:21]} {[%emt 00:00:24]} 55.
Kc1 {[%clk 00:11:50]} {[%emt 00:00:07]} a3 {[%clk 00:09:33]} {[%emt 00:00:18]}
56. Kb1 {[%clk 00:12:06]} {[%emt 00:00:14]} Kc4 {[%clk 00:09:50]} {[%emt
00:00:13]} 57. Ka1 {[%clk 00:12:13]} {[%emt 00:00:22]} b2+ {[%clk 00:09:24]}
{[%emt 00:00:57]} 58. Ka2 {[%clk 00:12:29]} {[%emt 00:00:14]} Kc3 {[%clk
00:09:33]} {[%emt 00:00:21]} 59. Kb1 {[%clk 00:12:39]} {[%emt 00:00:20]} a2+
{[%clk 00:09:35]} {[%emt 00:00:29]} 60. Kxa2 {[%clk 00:12:59]} {[%emt
00:00:10]} Kc2 {[%clk 00:09:54]} {[%emt 00:00:07]} 61. Ka3 {[%clk 00:11:34]}
{[%emt 00:03:10]} b1=Q {[%clk 00:10:11]} {[%emt 00:00:13]} 62. Ka4 {[%clk
00:11:58]} {[%emt 00:00:06]} Kc3 {[%clk 00:10:32]} {[%emt 00:00:09]} 63. Ka5
{[%clk 00:12:20]} {[%emt 00:00:08]} Kc4 {[%clk 00:10:57]} {[%emt 00:00:05]} 64.
Ka6 {[%clk 00:12:47]} {[%emt 00:00:04]} Kc5 {[%clk 00:11:19]} {[%emt 00:00:08]}
65. Ka7 {[%clk 00:13:13]} {[%emt 00:00:04]} Kc6 {[%clk 00:11:44]} {[%emt
00:00:05]} 66. Ka8 {[%clk 00:13:34]} {[%emt 00:00:09]} Qb7# {[%clk 00:11:37]}
{[%emt 00:00:05]} 0-1